| 000 | 00540nam a2200193 a 4500 | ||
|---|---|---|---|
| 005 | 20230310063524.0 | ||
| 008 | 010704s1997 mx r 000 0 spa d | ||
| 020 | _a9686767754 | ||
| 035 | _aUPN01000109164 | ||
| 049 | _aCG | ||
| 050 | 4 |
_aPQ7298.3 U5 _bC3.5 |
|
| 100 | 1 |
_aPulido, Blanca Luz, _d1956- _939804 |
|
| 245 | 1 | 0 |
_aCambiar de cielo / _cBlanca Luz Pulido. |
| 260 |
_aMéxico : _bUAM-Azcapotzalco : _bVerdehalago, _c1997. |
||
| 300 | _a117 p. | ||
| 650 | 4 |
_aPoesía mexicana _ySiglo XX _91285 |
|
| 905 | _aLibro | ||
| 999 |
_c83075 _d83075 |
||